000 00554nam a2200205Ia 4500
005 20241216010818.0
008 190212s9999||||xx |||||||||||||| ||und||
082 _a512.943
_bF81
100 _aFRANK AYRES JR.
245 0 _aMATRICES
_bTEORIA Y 340 PROBLAMS RESUELTOS
250 _a0
260 _aCOLOMBIA
_bMC GRAW HILL INT. S.A.
_c1969
300 _a217 pag
_c27.5 cm
341 _h0
490 _v0
_a0
505 _aMATRIZ CUADRADA-EQUIVALENCIA/CUERPO-CONGRUENCIA
541 _aC
_d04-Oct-99
_oSoles
650 _aCIENCIAS PURAS
942 _cLIBRO
999 _c24715
_d24715